Stades de Bundesliga (2021-2022) - Statistiques

Statistiques générales
  • Ce quiz a été pris 44 fois
  • Le résultat moyen est 5 sur 18
Statistiques - réponses
Équipe Stade Ville Capacité % Correct
Bayern Munich Allianz Arena Munich 75 000
100%
Borussia Dortmund Signal Iduna Park Dortmund 81 359
78%
RB Leipzig Red Bull Arena Leipzig 44 345
55%
VfB Stuttgart Mercedes-Benz Arena Stuttgart 60 441
45%
Borussia Mönchengladbach Borussia Park Mönchengladbach 54 067
38%
Hertha Berlin OlympiaStadion Berlin 74 475
33%
Bayer Leverkusen BayArena Leverkusen 30 210
30%
Eintracht Francfort Commerzbank Arena Francfort 51 500
23%
VfL Wolfsburg Volkswagen Arena Wolfsburg 30 000
23%
SC Fribourg Europa-Park Stadion Fribourg 34 700
18%
FC Union Berlin An der Alten Försterei Berlin 22 012
13%
FSV Mayence 05 MEWA Arena Mayence 34 034
13%
TSG Hoffenheim PreZero Arena Sinsheim 30 150
13%
FC Cologne RheinEnergieStadion Cologne 50 000
13%
Arminia Bielefeld SchücoArena Bielefeld 26 137
10%
VfL Bochum Vonovia Ruhrstadion Bochum 29 299
8%
Greuther Fürth Sportpark Ronhof Fürth 18 000
5%
FC Augsbourg WWK Arena Augsbourg 30 660
0%
Aucun quiz correspondant
Distribution des résultats
% des personnes avec chaque résultat
Percentile par nombre de réponses
Votre historique - résultats
Vous n’avez pas pris ce quiz